000 00294nam a22001337a 4500
008 181031b xxu||||| |||| 00| 0 eng d
020 _a9780205297115
041 _aeng
080 _a371
100 _a46
101 _aEDU
245 _aThe New Century Handbook
_cHult,Ch.A
942 _2udc
_cBK
999 _c51218
_d51218